LEADER 00904nam a2200205 i 4500 001 000000214648 003 CaOOAMICUS 005 20120731000000.0 008 120731s1779 it u000 u ita u 013 $a193519 026 $aoino 43l' a-m- (ad' (3) 1779 (R) 040 $aSeMil$bita 245 10$aVol. 3. 300 $axxiv, 392 p. 500 $aSegn. : a-c4 A-3C4. 650 4$aReligione.$0(OLS)http://semarc/subject/3159 773 0 $aValsecchi, Antonino <1708-1791>$tDei fondamenti della religione e dei fonti dell'empietá libri tre di fr. Antonino Valsecchi ... Volule 1. [-3.].$bEdizione quinta riveduta, e ricorretta novellamente dall'autore.$dIn Padova : Nella Stamperia del Seminario, appresso Giovanni Manfrč, 1779.$g3$w()27154 850 $aSeMil 852 $aSeMil$W1$xVenegono$y1$m2B IV 36 FA$j165069$B165069$CSeMilBibl$Z2$F176038 $8I 996 $6245$aVol. 3$9(OLS)http://semarc/title/80712 LEADER 01090nam a2200265 i 4500 001 000000200458 003 CaOOAMICUS 005 20141105000000.0 008 141105s1931 it u000 u ita u 013 $a179157 040 $aSeMil$bita 100 1 $aBelloni, Antonio.$0(OLS)http://semarc/name/1362 245 10$aPaolo Segneri :$b1624-1694 /$cAntonio Belloni. 260 $aTorino [etc.] :$bParavia & C.,$c1931. 300 $a104 p. ;$c20 cm. 490 0 $aScrittori italiani con notizie storiche e analisi estetiche 500 $aFondo card. Giovanni Colombo. 600 14$aSegneri, Paolo .$0(OLS)http://semarc/subject/10220 830 0$aScrittori italiani con notizie storiche e analisi estetiche.$0(OLS)http://semarc/title/42018 850 $aSeMil 852 $aSeMil$W1$xVenegono$y1$m3GC III 212$j150987$B150987$CSeMilBibl$Z2$F162294 $8B 941 1 $a3 961 $aLascito: Colombo Card. Giovanni 996 $6245$aPaolo Segneri :$b1624-1694$9(OLS)http://semarc/title/289883 996 $6260$aTorino [etc.] :$bParavia & C.$9(OLS)http://semarc/publisher/33758